| 000 | 01102nam a2200217Ia 4500 | ||
|---|---|---|---|
| 999 |
_c37670 _d37670 |
||
| 001 | 3642 | ||
| 003 | GE_BSU | ||
| 005 | 20190520185027.0 | ||
| 008 | 181216s1979|||| |||||||||||||| ||geo|| | ||
| 040 | _cGE_BSU | ||
| 041 | _ageo | ||
| 080 | _a528.48(075.8):622.1 თ–40 | ||
| 100 |
_aთევზაძე,ნ. _91425 |
||
| 245 |
_aსაინჟინრო გეოდეზია : 10 ნაწილად. ნაწ. 8 : ძირითადი ასტრონომიული და გეოდეზიური სამუშაოები / _c ნიკოლოზ თევზაძე ; რედ : პ.ლაბარტყავა. |
||
| 264 |
_aთბილისი : _bგანათლება, _c1977. |
||
| 300 |
_a446 გვ .: _c26 სმ . |
||
| 653 | _aსაინჟინრო გეოდეზია. | ||
| 653 | _aძირითადი ასტრონომიული და გეოდეზიური სამუშაოები | ||
| 700 |
_aლაბარტყავა, პ _eრედაქტორი _9523 |
||
| 942 |
_cBK _2udc |
||